00450nmm a2200157Ia 4500008004100000041000800041100001200049245004800061264005100109300001800160490001400178650002200192856005200214942000700266999001900273251105s9999||||xx |||||||||||||||||und|| aspa aVV. AA. 0aDe nombre y hueso :b Relatos oscuros trans a[Madrid, España] :bEditorial Egales, c2021 a298 páginas aNarrativa aSpanish narrative uhttps://public.digitaliapublishing.com/a/133360 cCF c100257d100257